Tạp chí Đại học Sài Gòn : Journal of Saigon University /

Saved in:
Bibliographic Details
Corporate Author: Trường Đại học Sài Gòn
Format: Journal
Language:Vietnamese
Published: TP.HCM : Trường Đại học Sài Gòn, 2009
Subjects:
Tags: Add Tag
No Tags, Be the first to tag this record!
Institutions: Thư viện Trường Đại học Đà Lạt
LEADER 00710nam a2200253 4500
001 DLU100110924
005 ##20100823
040 # # |a DLU  |b vie 
041 # # |a vie 
245 # # |a Tạp chí Đại học Sài Gòn :  |b Journal of Saigon University /  |c Trường Đại học Sài Gòn 
260 # # |a TP.HCM :  |b Trường Đại học Sài Gòn,  |c 2009 
300 # # |a  tr. ;  |c 27cm 
310 # # |a Một năm hai kỳ 
653 # # |a Hoạt động khoa học 
653 # # |a Nghiên cứu khoa học 
710 # # |a Trường Đại học Sài Gòn 
994 # # |a DLU 
900 # # |a True 
911 # # |a Hoàng Thị Huyền 
925 # # |a G 
926 # # |a A 
927 # # |a TT 
980 # # |a Thư viện Trường Đại học Đà Lạt